Základy európskej ochrany ľudských práv

Enregistré dans:
Détails bibliographiques
Auteur principal: Svák, Ján
Format: Livre
Langue:slovaque
Publié: Banská Bystrica Fakulta politických vied a medzinárodných vzťahov UMB 2002
Sujets:
Tags: Ajouter un tag
Pas de tags, Soyez le premier à ajouter un tag!

MARC

LEADER 00000nam$a2200000$$$4500
001 0002060
005 20240314091429.8
020 |a 80-8055-712-8 
041 0 |a slo 
044 |a SK 
245 1 0 |a Základy európskej ochrany ľudských práv  |c Ján Svák 
264 1 |a Banská Bystrica  |b Fakulta politických vied a medzinárodných vzťahov UMB  |c 2002 
300 |a 354 s. 
610 2 0 |a práva ľudské 
610 2 0 |a ochrana práv občanov 
610 2 0 |a politika medzinárodná 
610 2 0 |a právo 
610 2 0 |a sloboda 
610 2 0 |a právo vlastnícke 
610 2 0 |a vzdelanie 
610 2 0 |a voľby 
610 2 0 |a diskriminácia 
610 2 0 |a Európa 
100 1 |a Svák, Ján